Kluby w polskiej I lidze w sezonie 2023/24 - Statystyki

Ogólne statystyki
  • Ten quiz został rozwiązany 140 razy
  • Średni wynik to 11 z 18
Statystyki odpowiedzi
Klub % Poprawnych
Wisła Kraków
88%
Wisła Płock
88%
Lechia Gdańsk
84%
Arka Gdynia
83%
GKS Katowice
75%
Motor Lublin
69%
Stal Rzeszów
68%
Polonia Warszawa
65%
Zagłębie Sosnowiec
59%
Bruk-Bet Termalica Nieciecza
56%
GKS Tychy
55%
Resovia
55%
Chrobry Głogów
52%
Miedź Legnica
52%
Górnik Łęczna
50%
Znicz Pruszków
50%
Odra Opole
48%
Podbeskidzie Bielsko-Biała
48%
Nie znaleziono quizów pasujących do podanych kryteriów
Rozkład punktacji
Procent ludzi z każdym wynikiem
Percentyl według liczby udzielonych odpowiedzi
Twoja historia wyników
Nie rozwiązałeś tego quizu